00464 2200169 4500245005100000020002200051250001100073100001600084650002300100005001900123260003600142041001400178084001000192500006000202490002300262336000900285 aEnsiklopedia Flora Volume 2cBudi SuhonohText a978-602-8415-10-1 aCet. 1 aBudi Suhono aEnsiklopedia Flora a20231108133352 aJakartabPT Kharisma Ilmuc2010 aIndonesia a580.3 aDaftar Isi : Liliales, Poales, Dioscoreales, Pandanales aEnsiklopedia Flora atext